| 000 | 01044nam a2200277 a 4500 | ||
|---|---|---|---|
| 999 |
_c868 _d868 |
||
| 001 | 443 | ||
| 003 | BD-DhUAP | ||
| 005 | 20200128154314.0 | ||
| 008 | 200128s1994 bg a b 001 0beng d | ||
| 020 | _a9840512293 | ||
| 040 |
_aDLC _cDLC _dBD-DhUAP |
||
| 082 | 0 | 0 |
_a327.2092 AHM _223 |
| 100 | 1 | _aAhmed, Fakhruddin. | |
| 245 | 1 | 0 |
_aCritical times : _bmemoirs of a South Asian diplomat / _cFakhruddin Ahmed. |
| 260 |
_aDhaka : _bUniversity Press, _cc1994. |
||
| 300 |
_avi, 272 pages : _billustrations ; _c22 cm. |
||
| 504 | _aIncludes bibliographical references and index. | ||
| 520 | _aPersonal accounts of Fakhruddin Ahmed, b. 1931, of his experiences during his career in the foreign service of Bangladesh and his postings to the various capitals of the world. | ||
| 600 | 1 | 0 |
_aAhmed, Fakhruddin, _d1931- |
| 650 | 0 |
_aDiplomats _zBangladesh _xBiography. |
|
| 651 | 0 |
_aBangladesh _xForeign relations. |
|
| 651 | 0 |
_aBangladesh _xPolitics and government _y1971- |
|
| 942 |
_2ddc _cBK |
||